Statistics for Brits Billion Award Recipients

Click here to take the quiz!

General Stats

  • This quiz has been taken 6 times
    (3 since last reset)
  • The average score is 3 of 22

Answer Stats

AwardedOriginGenreArtist% Correct
4 May 2023SwedenDisco/DanceABBA
100%
16 August 2023United StatesPop/Alt-PopOlivia Rodrigo
50%
4 May 2023United KingdomPop/R&BRaye
50%
4 May 2023Kosovo/UKPop/R&BRita Ora
50%
4 May 2023United KingdomTrap/Hip-HopAJ Tracey
0%
4 May 2023United KingdomPop/R&BAnne-Marie
0%
11 June 2023United KingdomPop/DanceBecky Hill
0%
29 August 2023United StatesPop/Alt-PopBillie Eilish
0%
5 July 2023United KingdomElectronic/PopClean Bandit
0%
4 May 2023United KingdomPop/Alt-RockColdplay
0%
4 May 2023United KingdomPop/Synth-PopEllie Goulding
0%
4 May 2023United KingdomFolk-Pop/SoulGeorge Ezra
0%
4 May 2023United KingdomTrap/Hip-HopHeadie One
0%
26 May 2023United KingdomPop/Alt-PopJames Arthur
0%
9 July 2023United StatesPop/Alt-PopLana Del Rey
0%
4 May 2023United KingdomPop/Alt-PopLewis Capaldi
0%
4 May 2023United StatesPop/R&BMariah Carrey
0%
20 July 2023United KingdomRockQueen
0%
4 May 2023United KingdomPop/R&BSam Smith
0%
4 May 2023United StatesPop/R&BWhitney Houston
0%
30 July 2023NigeriaReggae/Hip-HopWizkid
0%
4 June 2023United KingdomPop/DanceYears & Years
0%

Score Distribution

Percentile by Number Answered

Percent of People with Each Score

Your Score History

You have not taken this quiz since the last reset